Państwa najbliższe nieznanego państwa A-Z #9 - Statystyki

Ogólne statystyki
  • Ten quiz został rozwiązany 812 razy
    670 od ostatniego zresetowania
  • Średni wynik to 16 z 25
Statystyki odpowiedzi
Litera Państwo % Poprawnych
O Oman
86%
Ł Łotwa
84%
V Vanuatu
77%
D Demokratyczna Republika Konga
76%
Z Zambia
76%
C Czad
71%
F Francja
70%
R Republika Południowej Afryki
70%
U Uganda
70%
E Eswatini
68%
K Kongo
68%
L Lesotho
68%
Angola
67%
N Namibia
67%
B Botswana
64%
J Jemen
64%
A Algieria
62%
T Tanzania
62%
G Gabon
61%
H Hiszpania
57%
M Mozambik
57%
I Izrael
55%
W Wyspy Świętego Tomasza i Książęca
39%
P Portugalia
38%
S Sudan Południowy
38%
Nie znaleziono quizów pasujących do podanych kryteriów
Rozkład punktacji
Procent ludzi z każdym wynikiem
Percentyl według liczby udzielonych odpowiedzi
Twoja historia wyników
Nie rozwiązałeś tego quizu od ostatniego zresetowania